Distribución de la renta nacional / (Record no. 57175)

MARC details
000 -LEADER
campo de control de longitud fija 00805nam a2200217 i 4500
001 - NÚMERO DE CONTROL
campo de control 57175
003 - IDENTIFICADOR DE NÚMERO DE CONTROL
campo de control ES-MaACL
005 - FECHA Y HORA DE LA ÚLTIMA TRANSACCIÓN
campo de control 20230906163528.0
007 - CAMPO FIJO DE DESCRIPCIÓN FÍSICA--INFORMACIÓN GENERAL
campo de control de longitud fija t|
008 - DATOS DE LONGITUD FIJA--INFORMACIÓN GENERAL
campo de control de longitud fija 031015s1972 sp ||||1| spa d
245 00 - MENCIÓN DEL TÍTULO
Título Distribución de la renta nacional /
Mención de responsabilidad, etc. presentada por Jean Marchal y Bernard Ducros ; versión por Santiago Alegre Gómez.
260 ## - PUBLICACIÓN, DISTRIBUCIÓN, ETC.
Lugar de publicación, distribución, etc. Madrid :
Nombre del editor, distribuidor, etc. Euroamérica,
Fecha de publicación, distribución, etc. [1972]
300 ## - DESCRIPCIÓN FÍSICA
Extensión 808 p. ;
Dimensiones 22 cm.
500 ## - NOTA GENERAL
Nota general Precede al tít.: Fundación Foessa ; Asociación Internacional de Economía. Conferencia de Palermo.
700 1# - ENTRADA AGREGADA--NOMBRE PERSONAL
Nombre de persona Marchal, Jean.
9 (RLIN) 76405
700 1# - ENTRADA AGREGADA--NOMBRE PERSONAL
Nombre de persona Ducros, Bernard.
9 (RLIN) 45858
700 1# - ENTRADA AGREGADA--NOMBRE PERSONAL
Nombre de persona Alegre Gómez, Santiago.
9 (RLIN) 19670
710 2# - ENTRADA AGREGADA--NOMBRE DE ENTIDAD CORPORATIVA
Nombre de entidad corporativa o nombre de jurisdicción como elemento de entrada Fundación FOESSA.
9 (RLIN) 4303
710 2# - ENTRADA AGREGADA--NOMBRE DE ENTIDAD CORPORATIVA
Nombre de entidad corporativa o nombre de jurisdicción como elemento de entrada Asociación Internacional de Economía.
9 (RLIN) 1726
852 ## - LOCALIZACIÓN
Ubicación ES-MaACL
Número de control de estantería C-42933
Sublocalización o colección R.82467
Holdings
Estatus retirado Estado de pérdida Estado de daño No para préstamo Biblioteca de origen Biblioteca actual Ubicación en estantería Fecha de adquisición Fuente de adquisición Total de préstamos Signatura topográfica completa Código de barras Visto por última vez Precio de reemplazo Tipo de ítem Koha
        Biblioteca del Ateneo de Madrid Biblioteca del Ateneo de Madrid Depósito 2 17/01/2008     C-42933 1060032 23/02/2023 23/02/2023 Libro impreso